Médaillés Français aux Jeux Olympiques de 2020/2021 - Statistiques

Statistiques générales
  • Ce quiz a été pris 105 fois
    100 depuis la dernière actualisation
  • Le résultat moyen est 37 sur 137
Statistiques - réponses
Sport Épreuve Athlète Médaille % Correct
Judo + 100 kg Teddy Riner bronze
96%
Judo Épreuve par Équipe Mixte Teddy Riner or
96%
Judo - 63 kg F Clarisse Agbegnénou or
72%
Judo Épreuve par Équipe Mixte Clarisse Agbegnenou or
72%
Athlétisme Décathlon Kevin Mayer argent
71%
Natation 50 m nage libre H Florent Manaudou argent
67%
Handball Hommes Luka Karabatic or
65%
Basketball Hommes Nicolas Batum argent
65%
Handball Hommes Nikola Karabatic or
65%
Basketball Hommes Rudy Gobert argent
62%
Escrime Épée Individuelle H Romain Cannone or
57%
Basketball Hommes Evan Fournier argent
55%
Volleyball Hommes Earvin Ngapeth or
54%
Basketball Hommes Nando De Colo argent
51%
Handball Hommes Luc Abalo or
48%
Karaté - 67 kg Steven Da Costa or
46%
Triathlon Relais Mixte Vincent Luis bronze
45%
Triathlon Relais Mixte Cassandre Beaugrand bronze
44%
Handball Femmes Cleopatre Darleux or
44%
Tir Pistolet rapide 25 m H Jean Quiquampoix or
44%
Cyclisme sur piste Madison H Benjamin Thomas bronze
43%
Judo + 78 kg F Romane Dicko bronze
41%
Judo Épreuve par Équipe Mixte Romane Dicko or
41%
Handball Hommes Michael Guigou or
40%
Handball Hommes Vincent Gerard or
39%
Handball Hommes Dika Mem or
38%
Handball Hommes Valentin Porte or
38%
Voile Planche à Voile F RS:X Charline Picon argent
37%
Escrime Sabre Individuel F Manon Brunet bronze
37%
Escrime Sabre par équipes F Manon Brunet argent
37%
Judo - 57 kg F Sarah Léonie Cysique argent
37%
Judo Épreuve par Équipe Mixte Sarah Léonie Cysique or
37%
Handball Hommes Ludovic Fabregas or
35%
Handball Hommes Nedim Remili or
35%
Judo - 78 kg F Madeleine Malonga argent
34%
Judo Épreuve par Équipe Mixte Madeleine Malonga or
34%
Judo - 52 kg F Amandine Buchard argent
33%
Judo Épreuve par Équipe Mixte Amandine Buchard or
33%
Judo Épreuve par Équipe Mixte Axel Clerget or
33%
Handball Hommes Melvyn Richardson or
33%
Escrime Fleuret par équipes H Enzo Lefort or
32%
Volleyball Hommes Kevin Tillie or
32%
Judo - 60 kg H Luka Mkheidze bronze
32%
Basketball Femmes Marine Johannes bronze
32%
Volleyball Hommes Jean Patry or
30%
Triathlon Relais Mixte Dorian Coninx bronze
29%
Basketball Hommes Guershon Yabusele argent
29%
Handball Hommes Kentin Mahe or
29%
Aviron Deux de Couple H Mathieu Androdias or
29%
Basketball Hommes Vincent Poirier argent
29%
Taekwondo + 67 kg F Althéa Laurin bronze
28%
Basketball Hommes Andrew Albicy argent
28%
Volleyball Hommes Antoine Brizard or
28%
Triathlon Relais Mixte Léonie Periault bronze
27%
Escrime Fleuret par équipes F Ysaora Thibus argent
27%
Judo Épreuve par Équipe Mixte Margaux Pinot or
26%
Volleyball Hommes Nicolas Le Goff or
26%
Escrime Sabre par équipes F Sara Balzer argent
26%
Basketball Hommes Thomas Heurtel argent
26%
Volleyball Hommes Benjamin Toniutti or
24%
Basketball Femmes Sandrine Grud bronze
24%
Cyclisme sur piste Vitesse par équipes H Sébastien Vigier bronze
24%
Handball Femmes Allison Pineau or
23%
Escrime Fleuret par équipes H Erwann Le Pechoux, or
23%
Aviron Deux de couple H Hugo Boucheron or
23%
Volleyball Hommes Jenia Grebennikov or
23%
Volleyball Hommes Trevor Clevenot or
23%
Handball Femmes Alexandra Lacrabere or
22%
Volleyball Hommes Barthélémy Chinenyeze or
22%
Handball Hommes Hugo Descat or
22%
Handball Femmes Estelle Nze Minko or
21%
Basketball Hommes Moustapha Fall argent
21%
Handball Hommes Nicolas Tournat or
21%
Volleyball Hommes Stephen Boyer or
21%
Handball Femmes Amandien Leynaud or
20%
Basketball Femmes Gabby Williams bronze
20%
Aviron Deux de Couple Poids Légers F Laura Tarantola argent
20%
Handball Femmes Pauletta Foppa or
20%
Basketball Hommes Timothé Luwawu Cabarrot argent
20%
Handball Femmes Chloé Valentini or
18%
Judo Épreuve par Équipe Mixte Guillaume Chaine or
18%
Basketball Femmes Marine Fauthoux bronze
18%
Cyclisme sur piste Vitesse par équipes H Rayan Helal bronze
18%
Aviron Deux de Couple Poids Légers F Claire Bové argent
17%
Cyclisme sur Piste Madison H Donavan Grondin bronze
17%
Volleyball Hommes Yacine Louati or
17%
Handball Hommes Yann Genty or
17%
Rugby à 7 Femmes Anne Cécile Ciofani argent
16%
Handball Femmes Béatrice Edwige or
16%
Escrime Fleuret par équipes H Maxime Pauty or
16%
Voile Planche à Voile H RS:X Thomas Goyard argent
16%
Escrime Fleuret par équipes F Anita Blaze argent
15%
Escrime Fleuret par équipes F Astrid Guyart argent
15%
Escrime Sabre par équipes F Cécilia Berder argent
15%
Escrime Sabre par équipes F Charlotte Lembach argent
15%
Basketball Femmes Helena Ciak bronze
15%
Basketball Femmes Illiana Rupert bronze
15%
Équitation Concours complet par équipes Karim Florent Laghouag bronze
15%
Équitation Concours complet par équipes Nicolas Touzaint bronze
15%
Escrime Fleuret par équipes F Pauline Ranvier argent
15%
Basketball Femmes Alix Duchet bronze
13%
Basketball Femmes Endene Miyem bronze
13%
Cyclisme sur piste Vitesse par équipes H Florian Grengbo bronze
13%
Escrime Fleuret par équipes H Julien Mertine or
13%
Handball Femmes Laura Flippes or
13%
Handball Femmes Méline Nocandy or
13%
Handball Hommes Romain Lagarde or
13%
Basketball Femmes Sarah Michel bronze
13%
Judo Épreuve par Équipe Mixte Alexandre Iddir or
12%
Basketball Femmes Alexia Chartereau bronze
12%
Voile Dériveur Double F 470 Aloïse Retornaz bronze
12%
Handball Femmes Coralie Lassource or
12%
Handball Femmes Kalidatou Niakate or
12%
Handball Femmes Océane Sercien Ugolin or
12%
Basketball Hommes Petr Cornelie argent
12%
Rugby à 7 Femmes Séraphine Okemba argent
12%
Voile Dériveur Double F 470 Camille Lecointre bronze
11%
Judo Épreuve par Équipe Mixte Kilian Le Blouch or
11%
Handball Femmes Blandine Dancette or
10%
Rugby à 7 Femmes Caroline Drouin argent
10%
Rugby à 7 Femmes Chloé Jacquet argent
10%
Rugby à 7 Femmes Chloé Pelle argent
10%
Équitation Concours complet par équipes Christopher Six bronze
10%
Volleyball Hommes Daryl Bultor or
10%
Rugby à 7 Femmes Fanny Horta argent
10%
Rugby à 7 Femmes Jade Ulutule argent
10%
Handball Femmes Pauline Coataneaa or
10%
Rugby à 7 Femmes Camille Grassineau argent
9%
Rugby à 7 Femmes Carla Neisen argent
9%
Rugby à 7 Femmes Coralie Bertrand argent
9%
Basketball Femmes Iandra Tchatchouang bronze
9%
Rugby à 7 Femmes Lina Guerin argent
9%
Basketball Femmes Valeriane Vukosavljevic bronze
9%
Handball Femmes Grace Zaadi Deuna or
7%
Rugby à 7 Femmes Shannon Izar argent
7%
Basketball Hommes Frank Ntillkina argent
4%
Handball Hommes Timothey Nauessan or
0%
Aucun quiz correspondant
Distribution des résultats
% des personnes avec chaque résultat
Percentile par nombre de réponses
Votre historique - résultats
Vous n’avez pas pris ce quiz depuis la dernière actualisation